নওগাঁ জেলার আদিবাসী সংস্কৃতি : (Record no. 36558)
[ view plain ]
| 000 -LEADER | |
|---|---|
| fixed length control field | 01761ntm a22002777a 4500 |
| 001 - CONTROL NUMBER | |
| control field | 36558 |
| 003 - CONTROL NUMBER IDENTIFIER | |
| rucl marc code | BD-RjUL |
| 005 - DATE AND TIME OF LATEST TRANSACTION | |
| control field | 20211209052514.0 |
| 008 - FIXED-LENGTH DATA ELEMENTS--GENERAL INFORMATION | |
| fixed length control field | 140701s2012 bg ||||| |||| 00| 0 ben d |
| 035 ## - SYSTEM CONTROL NUMBER | |
| System control number | (BD-RjUL)36659 |
| 040 ## - CATALOGING SOURCE | |
| Original cataloging agency | BD-RjUL |
| Language of cataloging | ben |
| Transcribing agency | BD-RjUL |
| Modifying agency | BD-RjUL |
| 041 ## - LANGUAGE CODE | |
| Language code of text/sound track or separate title | ben |
| 082 ## - DEWEY DECIMAL CLASSIFICATION NUMBER | |
| Edition number | 21 |
| Classification number | 398.0954924 |
| Author mark and year | KUN 2012 |
| 100 ## - MAIN ENTRY--PERSONAL NAME | |
| Personal name | কুমার, রতন |
| 9 (RLIN) | 111324 |
| 245 ## - TITLE STATEMENT | |
| Title | নওগাঁ জেলার আদিবাসী সংস্কৃতি : |
| Remainder of title | ঐতিহ্য ও বিবর্তন / |
| Statement of responsibility, etc. | রতন কুমার ; |
| Linkage | তত্ত্ববধায়ক : মো. আবুল হাসান চেৌধুরী |
| 260 ## - PUBLICATION, DISTRIBUTION, ETC. (IMPRINT) | |
| Place of publication, distribution, etc. | রাজশাহী : |
| Name of publisher, distributor, etc. | ফোকলোর বিভাগ,রাজশাহী বিশ্ববিদ্যালয়, |
| Date of publication, distribution, etc. | ২০০৪ |
| 300 ## - PHYSICAL DESCRIPTION | |
| Pagination | ix, ২৫৮ পাতা : |
| Illustrations | চিত্র ; |
| Size | ২৮ সেমি. |
| 502 ## - DISSERTATION NOTE | |
| Dissertation note | থিসিস: (পিএইচ ডি.)--ফোকলোর বিভাগ, রাজশাহী বিশ্ববিদ্যালয়, ২০১২. |
| 504 ## - BIBLIOGRAPHY, ETC. NOTE | |
| Bibliography, etc | গ্রন্থপঞ্জি : পাতা [২৪৫]-২৪৯ |
| 650 ## - SUBJECT ADDED ENTRY--TOPICAL TERM | |
| Topical term or geographic name as entry element | লোকসংস্কৃতি |
| Geographic subdivision | বাংলাদেশ |
| -- | নওগাঁ জেলা |
| 9 (RLIN) | 111536 |
| Topical term or geographic name as entry element | Folklore |
| Geographic subdivision | Bangladesh |
| -- | Naogaon District |
| 9 (RLIN) | 111537 |
| Topical term or geographic name as entry element | আদিবাসী মানুষ |
| Geographic subdivision | বাংলাদেশ |
| -- | নওগাঁ জেলা |
| General subdivision | সামাজিক জীবন এবং রীতিনীতি |
| 9 (RLIN) | 244113 |
| Topical term or geographic name as entry element | Indigenous peoples |
| Geographic subdivision | Bangladesh |
| -- | Naogaon District |
| General subdivision | Social life and customs |
| 9 (RLIN) | 244114 |
| 700 ## - ADDED ENTRY--PERSONAL NAME | |
| Personal name | চৌধুরী, মো. আবুল হাসান, তত্ত্বাবধায়ক |
| 942 ## - ADDED ENTRY ELEMENTS (KOHA) | |
| Source of classification or shelving scheme | Dewey Decimal Classification |
| Koha item type | Theses |
| Lost status | Source of classification or shelving scheme | Damaged status | Not for loan | Collection code | Permanent Location | Current Location | Shelving location | Date acquired | Source of acquisition | Cost, normal purchase price | Total Checkouts | Full call number | Date last seen | Copy number | Koha item type |
|---|---|---|---|---|---|---|---|---|---|---|---|---|---|---|---|
| Dewey Decimal Classification | Not For Loan | Theses | Central Library, University of Rajshahi | Central Library, University of Rajshahi | Documentation Section | 27/10/2013 | Controller of Examination Office, University of Rajshahi, Rajshahi. | 0.00 | BTHE 398.0954924 KUN 2012 | 01/07/2014 | C-1 | Theses |